Globálne väzby, súvislosti a komponenty vytvárané obchodnopolitickým prostredím Európskej únie

Salvato in:
Dettagli Bibliografici
Autore principale: Kosír, Igor
Natura: Capitolo di libro
Lingua:slovacco
Tags: Aggiungi Tag
Nessun Tag, puoi essere il primo ad aggiungerne!!

MARC

LEADER 00000naa$a2200000$$$4500
001 0061477
005 20240502071706.0
041 0 |a slo 
044 |a SK 
245 1 0 |a Globálne väzby, súvislosti a komponenty vytvárané obchodnopolitickým prostredím Európskej únie  |c Igor Kosír 
100 1 |a Kosír, Igor